| 000 | 00572nam a22001937a 4500 | ||
|---|---|---|---|
| 003 | BDDh-ASL | ||
| 005 | 20231015031100.0 | ||
| 008 | 221228s1997 su ||||| |||| 00| 0 ara d | ||
| 040 |
_aBDDh-ASL _cBDDh-ASL |
||
| 041 | _aara | ||
| 082 |
_a297 _bTAA |
||
| 100 | 1 |
_aTawiziri, Mahmud Ibn Abdullah ibn Mahmud At _96892 |
|
| 245 | 0 | 0 | _aAl Qawlul Bal īgh : / القول البليغ |
| 260 |
_aRiyadh : _bDarus Sami'I Lin Nashr Wat Tawzi' , _c1997. |
||
| 300 |
_a351 p. : _c25 cm. |
||
| 650 | 0 |
_aIslam _91652 |
|
| 650 | 0 |
_a Islamic Discourse _95142 |
|
| 942 |
_2ddc _cBK |
||
| 999 |
_c29888 _d29888 |
||